(ei/no N,X) Every bus route of HSL | HSL:n kaikki bussilinjat - Statistics

Yleistilastot
  • Tätä visaa on pelattu 25 kertaa
  • Keskiarvotulos 102 / 372
Vastaustilastot
Hint - Vinkki (Ei yöbusseja! -
No night buses!)
Linjat - Lines 0-999 % Oikein
Konala - Kannelmäki - Pirkkola 36
94%
Kalasatama (M) - Käpylän as. -Kanelmäki 56
94%
Kontula (M) -Ruskeasuo - Munkkiniemi 57
94%
Herttoniemi (M) - Pasila - Malminkartano 59
94%
Rautatientori - Pukinmäki -Tapaninkylä 61
94%
Kamppi - Ruskeasuo - Paloheinä 63
94%
Rautatientori - Oulunkylä - Itä-Pakila 64
94%
Rautatientori - Pakila - Torpparinmäki 67
94%
Itäkeskus (M) - Vartioharju -Mellunmäki (M) 97
94%
Rautatientori - Kulosaari - Korkeasaari 16
88%
Punavuori - Lauttasaari (M) - Katajaharju 22
88%
Rutatientori - Pasila -Pirkkola 23
88%
Kamppi - Hietaniemi -Seurasaari 24
88%
Rautatientori - Koskela 55
88%
Hakaniemi - Tapanila - Heikinlaakso 74
88%
Rautatientori - Tattarisuo -Jakomäki 77
88%
Rautatientori - Viikki - Latokartano 78
88%
Herttoniemi (M) - Malmi -Puistolan as. 79
88%
Herttoniemi (M) - Jollas 85
88%
Vuosaari (M) - Porslahdentie 96
88%
Itäkeskus (M) -Marjaniemi -Rastila (M) Linjat - Lines 0-99 ____________________ Linjat - Lines 100-199 98
88%
Kamppi (M) - Ruoholahti (M) - Lauttasaari (M) 21
81%
Kamppi - Pajamäki 25
81%
Munkkivuori - Kaskisaari 34
81%
Niemenmäki - Munkkivuori - Rakuunantie 35
81%
Kamppi - Malminkartano -Myyrmäen as. 37
81%
Kamppi - Maununneva -Kannelmäki 42
81%
Arabia - Pohjois-Haaga - Uusmäki 53
81%
Rautatientori - Käpylä - Veräjälaakso 65
81%
Rautatientori - Länsi-Pakila -Paloheinä 66
81%
Kamppi - Käpylä - Jakomäki 69
81%
Rautatientori - Pihlajamäki - Malmi 71
81%
Rautatientori - Jakomäki - Puistolan as. 75
81%
Herttoniemi (M) - Roihuvuori -Itäkeskus (M) 82
81%
Herttoniemi (M) - Tammisalo 83
81%
Herttoniemi (M) - Gunillankallio 84
81%
Itäkeskus (M) - Myllypuro 92
81%
Itäkeskus (M) - Porttitie -Kontulankaari 94
81%
Itäkeskus (M) - Mellunmäki (M) -Keinutie 95
81%
Ruoholahti - Salmisaari 26
75%
Munkkivuori - Ritolehto 33
75%
Kamppi - Pohjois-Haagan as. 41
75%
Herttoniemi (M) - Roihupelto - Itäkeskus (M) 80
75%
Kulosaari (M) - Herttoniemi (M) -Länsi-Herttoniemi 81
75%
Herttoniemi (M) - Santahamina 86
75%
Herttoniemi (M) -Kruunuvuorenranta 87
75%
Herttoniemi (M) -Kaitalahti 88
75%
Vuosaari (M) - Aurinkolahti -Vuosaaren satama 90
75%
Pohjois-Haaga - Munkkivuori 31
69%
Pohjois-Haaga - Riistavuorenkuja -
Munkkivuori
32
69%
Kuninkaantammi - Munkkivuori -
Otaniemi
52
69%
Itäkeskus (M) - Pitäjänmäki 54
69%
Kamppi - Töölö - Malmi 70
69%
Hakaniemi - Malmi - Ala-Tikkurila 73
69%
Herttoniemi (M) - Yliskylä 89
69%
Lauttasaari (M) - Haukilahti - Mankkaa 105
56%
Otaniemi - Westend - Matinkylä (M) 111
56%
Tapiola (M) - Laajalahti -Leppävaara 113
50%
Tapiola - Pohjois-Tapiola 116
50%
Tapiola -Itäranta - Tapiola 117
50%
Tapiola (M) - Suurpelto -Espoon keskus 118
50%
Tapiola - Niittykumpu (M) 119
50%
Kamppi - Niittykumpu (M) - Olari 121
50%
Tapiola (M) - Olari - Espoonlahti (M) 124
50%
Matinkylä (M) - Urheilupuisto (M) - Leppävaara 114
44%
Tapiola (M) - Nöykkiö - Espoonlahti (M) 125
44%
Friisilä - Matinkylä (M) -Henttaa 133
44%
Matinkylä (M) -Piispankylä -Kuittimäki 137
38%
Matinkylä (M) - Nuottaniemi -Matinkallio 138
38%
Espoonlahden keskus - Soukka - Iivisniemi 148
38%
Espoonlahden keskus - Kivenlahti 149
38%
Matinkylä (M) - Tillinmäki -Espoonlahti (M) 158
38%
Matinkylä (M) - Latokaski 159
38%
Espoonlahti (M) - Saunalahti -Kauklahti 162
38%
Suvisaaristo - Tillinmäki - Kauklahti 163
38%
Kamppi - Saunalahti - Kurttila 164
38%
Espoonlahti (M) -Saunalahti -Vanttila 165
38%
Lasilaakso - Kauklahti - Bassenkylä 166
38%
Lasilaakso - Kauklahti - Järvikylä 167
38%
Espoon keskus - Mikkelä -Kauklahti 168
38%
Espoon keskus - Suvela 169
38%
Matinkylä (M) - Masala - Kirkkonummi 171
38%
Matinkylä (M) -Gesterby - Kantvik 172
38%
Matinkylä (M) - Gesterby - Upinniemi 173
38%
Matinkylä (M) - Sarvvik - Jorvas 175
38%
Siuntio - Kirkkonummi 182
38%
Vermonniitty - Leppävaara -Helmipöllönmäki 202
38%
Leppävaara - Uusmäki 203
38%
Lauttasaari (M) - Katajaharju 22B
38%
Punavuori - Salmisaari - Lauttasaari (M) - Katajaharju 22K
38%
Puistolan as. - Heikinlaakso 74B
38%
Siilitie (M) - Latokartano 79B
38%
Herttoniemi (M) - Tammisalo -Itäkeskus (M) 82B
38%
Kamppi - Saunalahti - Tillinmäki 164K
31%
Lasilaakso - Kauklahti (Riiantie) -Bassenkylä 166K
31%
Kirkkonummi - Gesterby 171B
31%
Kirkkonummi - Siuntio 181
31%
Kirkkonummi - Störsvik - Siuntio 183
31%
Kirkkonummi - Evitskog - Siuntio 184
31%
Leppävaara - Pitäjänmäki - Pajamäki 201
31%
Leppävaara - Lintukorpi 207
31%
Kamppi - Laajalahti - Kauniainen 212
31%
Kamppi - Suvela - Kauklahti 213
31%
Leppävaara - Karakallio - Jupperi 214
31%
Leppävaara - Jupperi - Lähderanta 215
31%
Leppävaara - Kauniainen - Tuomarila 224
31%
Espoon keskus - Bodom -Espoon keskus 246
31%
Herttoniemi (M) - Yliskylä - Jollas 85K
31%
Herttoniemi (M) - Laajasalo - Santahamina 86K
31%
Kivikonlaita - Kontula (M) 94B
31%
Kamppi - Olari - Latokaski 121A
25%
Kirkkonummi - Pikkala - Inkoo 191
25%
Kamppi - Inkoo - Tammisaari 192
25%
Lohja -Uusikylä - Siuntio 194
25%
Leppävaara - Kera - Jorvi 227
25%
Leppävaara -Karakallio -Viherlaakso 229
25%
Espoon keskus - Mikkelä - Hirvisuo 241
25%
Espoon keskus - Kolmperä -Veikkola 243
25%
Espoon keskus - Nuuksionpää 245
25%
Kivistö - Keimolanmäki 434
25%
Tikkurilan - Leinelä - Päiväkumpu 624
25%
Rautatientori - Hakunila - Tikkurila 717
25%
Hakaniemi - Päiväkumpu - Koivukylän as. 721
25%
Tikkurila - Nikinmäki - Korso 736
25%
Pohjois-Nikinmäki - Mikkola - Korso 737
25%
Rautatientori - Nikkilä - Porvoo 788
25%
Kotikonnuntie - Kontula (M) -Kontula (M) 94A
25%
Itäkeskus (M) - Puotila - Mellunmäki (M) 97V
25%
Siuntio - Nordic Aluminium - Kirkkonummi 182K
19%
Kirkkotie - Kasavuori - Kirkkotie 232
19%
Leppävaara - Viherlaakso -Vanhakartano 236
19%
Leppävaara - Järvenperä - Högnäs 237
19%
Leppävaara - Perusmäki - Serena 239
19%
Espoon keskus - Kauklahti 242
19%
Espoon keskus - Brobacka - Siikaniemi 244
19%
Espoon keskus - Nupuri - Siikaniemi 247
19%
Leppävaara - Nummela - Kalkkimäki 275
19%
Kamppi - Turunväylä - Veikkola 282
19%
Kamppi - Turunväylä -
Veikkola/Karkkila Linjat - Lines 200-299 ____________________
Linjat 300-399
285
19%
Kaivoksela - Myyrmäki -Hämeenkylä 311
19%
Kaivoksela - Hämevaara - Hämeenkylä 313
19%
Elielinaukio - Jupperi -Vanhakartano 321
19%
Askisto - Myyrmäki - Linnainen 335
19%
Askisto - Myyrmäki 343
19%
Elielinaukio - Rinnekoti 345
19%
Lepsämänjoki - Serena - Nemlahti 349
19%
Myyrmäki - Martinlaakso - Vihti 375
19%
Kamppi - Kalajärvi/Karkkila 385
19%
Martinlaakso - Myyrmäki 413
19%
Kivistö - Koivupää - Kesäkylä 446
19%
Kamppi - Kivistö - Klaukkala 455
19%
Myllypuro (M) - Pasila - Ruskeasuo 506
19%
Itäkeskus (M) - Aviapolis - Kivistö 561
19%
Mellunmäki (M) - Martinlaakso 572
19%
Mellunmäki (M) - Korso - Vierumäki 587
19%
Hakaniemi - Peijas 623
19%
Hakaniemi - Ilola - Korso 633
19%
Tikkurila - Hyrylä - Kerava 641
19%
Leinelä - Lahela - Hyrylä 642
19%
Hakaiemi - Kuusikko - Tikkurila 711
19%
Tikkurila - Kuusijärvi 712
19%
Päiväkummuntie - Peijas 723
19%
Tikkurilan as. - Korso - Mikkola 735
19%
Kalasatama (M) - Keravan asema 738
19%
Rautatientori - Nikinmäki - Korso 739
19%
Rautatientori - Jokivarsi - Nikkilä 785
19%
Rautatientori - Kuninkaanmäki -Nikkilä 785K
19%
Rautatientori - Nikkilä - Pornainen 787
19%
Nikkilä - Pornainen 787B
19%
Rautatientori - Nikkilä - Pornainen 787K
19%
Itäkeskus (M) - Myllypuro 805
19%
Mellunmäki - Myllypuro 812
19%
Vuosaari (M) - Merikorttikuja 813
19%
Vuosaari (M) - Koukkusaarentie -Pohjoinen ostoskeskus 814
19%
Vuosaari (M) - Isonvillasaarentie 815
19%
Vuosaari (M) - Kallahti - Kallahdenniemi 816
19%
Vuosaari (M) - Kallahti - Ramsinniemi 817
19%
Vuosaari (M) - Vuosaaren satama -Mellunmäki (M) 818
19%
Itäkeskus (M) - Österssundom - Landbo 831
19%
Rapuojantie - Östersundom - Puroniitty 839
19%
Itäkeskus - Söderkulla - Nikkilä 841
19%
Paijala - Hyrylä - Keravan asema 963
19%
Hyrylä - Rykmentinpuisto -Keravan asema 963B
19%
Peijas - Korson as. - Keravan as. 973
19%
Keravan asema - Virrenkulma 976
19%
Taasjärvi - Box - Nikkilä 993
19%
Söderkulla - Immersby - Gumbostrand 994
19%
Matinkylä (M) - Gesterby - Kirkkonummi 171Z
13%
Matinkylä (M) - Kirkkonummi - Upinniemi 173Z
13%
Matinkylä - Jorvas 175V
13%
Kirkkonummi - Siuntio -Siuntion uimahalli 182A
13%
Lohja - Siuntion uimahalli -Siuntio 194K
13%
Leppävaara - Mäkkylä - Pitäjänmäki 201B
13%
Kauniainen - Espoon keskus - Tuomarila 224B
13%
Leppävaara - Kilo - Jorvi 227K
13%
Espoon keskus - Kellonummi - Röylä 246K
13%
Espoon keskus - Kellonummi -Bodom - Röylä 246KT
13%
Espoon keskus - Bodom - Röylä 246T
13%
Elielinaukio - Kivistö 431
13%
Martinlaakso - Petas - Kivistö 433
13%
Kivistö - Vestra 443
13%
Kivistö - Tapola - Riipilä 444
13%
Kivistö - Katriinan sairaala - Reuna 445
13%
Kivistö - Viinikanmetsä - Kesäkylä 447
13%
Kamppi - Kivistö - Nurmijärvi 456
13%
Kamppi - Klaukkala - Rajamäki 457
13%
Kamppi - Nurmijärvi - Rajamäki 464
13%
Kamppi - Nurmijärvi - Rajamäki 465
13%
Kamppi - Kivistön as. - Nurmijärvi Linjat - Lines 400-499 ____________________ Linjat - Lines 500-599 465B
13%
Kallio -Munkkiniemi - Leppävaara 502
13%
Ilmala - Pasila - Kuninkaanmäki 518
13%
Leppävaara - Pähkinärinne -Kalajärvi 521
13%
Leppävaara - Pähkinärinne -Vantaankoski 522
13%
Tiistilä - Olari - Espoon keskus 531
13%
Hyljelahti - Suurpelto - Järvenperä 533
13%
Soukanniemi - Kivenlahti (M) 542
13%
Leppävaara - Kaitaa (M) -Kivenlahti (M) 544
13%
Tapiola (M) - Kauniainen - Jupperi 548
13%
Tapiola (M) -Kauniainen - Jorvi 549
13%
Hakunila - Maunula - Leppävaara 553
13%
Itäkeskus (M) - Leppävaara -Westendinasema 554
13%
Itäkeskus (M) - Malmi - Lentoasema 562
13%
Martinlaakso - Järvenperä - Espoontori 566
13%
Tikkurila - Ylästö - Myyrmäki 571
13%
Peijas - Aviapolis - Myyrmäki 574
13%
Tikkurila - Aviapolis - Kivistö 576
13%
Espoon keskus - Juvanmalmi -Kalajärvi 582
13%
Aviapolis - Louhela - Perusmäki 583
13%
Aviapolis - Louhela - Kalajärvi 584
13%
Länsisalmi - Itä-Hakkila -Sotungin koulu 588
13%
Rautatientori - Suutarila -Tikkurila 611
13%
Hakaniemi - Tammisto - Ylästö 614
13%
Hakaniemi - Tammisto - Aviapolis 617
13%
Tikkurila - Hiekkaharju - Simonsilta 619
13%
Tikkurila as. - Koivukylä - Rekolanmäki 625
13%
Tikkurila -Koivukylä - Kulomäki 631
13%
Hakaniemi - Hyrylä 643
13%
Hyrylä - Järvenpää - Kellokoski 665
13%
Kaunispolku - Kuninkaanmäki 713
13%
Rautatientori - Nissas 718
13%
Nybygget - Hakunila 719
13%
Tikkurila - Havukoski - Päiväkumpu 724
13%
Hakaniemi - Korso - Kulomäki 731
13%
Jokivarsi - Korso 734
13%
Nikinmäki - Leppäkorpi - Korso 736B
13%
Pohjois-Nikinmäki - Jokivarsi -Korso 737K
13%
Rautatientori - Nikkilä - Halkia 787A
13%
Nikkilä - Hinthaara - Porvoo 788B
13%
Rautatientori - Kuninkaanmäki -Porvoo Linjat - Lines 700-799 ____________________ Linjat - Lines 800-899 788K
13%
Itäkeskus (M) - Karhusaari -Landbo 831K
13%
Rapuojantie - Degermossa - Puroniitty 839K
13%
Söderkulla - Nikkilä 841B
13%
Itäkeskus - Söderkulla - Eriksnäs 842
13%
Itäkeskus - Söderkulla - Kalkkiranta 843
13%
Itäkeskus - Söderkulla - Taasjärvi 844
13%
Kamppi - Söderkulla - Porvoo Linjat -Lines 800-899 ____________________ Linjat - Lines 900-999 848
13%
Luoma - Masala - Hirsala 901
13%
Gesterby - Hirsala 901B
13%
Luoma - Gesterby - Hirsala 901K
13%
Kirkkonummi - Porkkala 902
13%
Kirkkonummi - Heikkilä - Porkkala 902K
13%
Kirkkonummi - Hila 903
13%
Kirkkonummi - Kantvik - Hila 903K
13%
Kirkkonummi - Kyrkvalla - Kantvik 904
13%
Pirkkalan tehdas - Överby -Kirkkonummi 905
13%
Luoma - Masala - Kauhala 906
13%
Kirkkonummi - Lapinkylä - Veikkola 907
13%
Kirkkonummi - Evitskog - Kaislampi 908
13%
Kirkkonummi - Sjökulla skola - Kaislampi 908K
13%
Veikkola - Lapinkylä - Kauhala 909
13%
Veikkola - Lapinkylä - Oitmäki 909K
13%
Kauklahti - Masala - Kirkkonummi 911
13%
Pikkala - Kuntakeskus 912
13%
Pikkala - Böle - Siuntio 912K
13%
Kuntakeskus - Karskog - Kuntakeskus 913A
13%
Kuntakeskus - Kela - Västerby 913B
13%
Kuntakeskus - Bocksintie - Evitskog 914
13%
Evitskog - Raivio - Kuntakeskus 914B
13%
Kuntakeskus - Siuntion kk. - Bocksintie 914T
13%
Kuntakeskus - Siuntion uimahalli -Kuntakeskus 915B
13%
Kuntakeskus - Siuntion kk. - Kahvimaa 915T
13%
Kuntakeskus - Suitia - Pauni 916
13%
Kuntakeskus - Siuntion kk. - Pauni 916K
13%
Kuntakeskus - Hästböle - Kuntakeskus 917
13%
Korso - Hyrylä - Nurmijärvi 961
13%
Korso - Sula - Hyrylä 961B
13%
Hyrylä - Sula - Keravan asema 962
13%
Hyrylä - Rusutjärvi -Rannikonmäki 964
13%
Rannikonmäki - Paijala - Hyrylä 964K
13%
Hyrylä - Jäniksenlinna - Jokela 965
13%
Hyrylä - Rusutjärvi - Jokela 965T
13%
Jokelan asema - Saunakallion as. -Terrisuo 966
13%
Jokela - Nuppulinna - Kellokoski 967
13%
Jokela - Purola - Kellokoski 967K
13%
Hyrylä - Sahatie - Hyrylä 968
13%
Kivistö - Ruotsinkylä - Keravan as. 971
13%
Keravan as. - Hyrylä - Ruotsinkylä 971B
13%
Keravan as. - AliKerava - Korson as. 972
13%
Keravan as. - Kaleva - Mattilanpuisto 975
13%
Keravan asema - Päivölä - Kytömaa 977
13%
Keravan asema - Ylikerava - Kytömaa 977V
13%
Keravan as. - Sorsakorpi - Keinukallio 978
13%
Keravan as. - Sorsakorpi - Bastukärr 978K
13%
Nikkilä - Neulasniitty - Talma 982
13%
Hindsby - Nikkilä - Talma 984
13%
Hindsby - Martinkylä - Talma 984K
13%
Kerava - Talma - Nikkilä 985
13%
Nikkilä - Etelä-Paippinen - Järvenpään asema 986
13%
Nikkilä - Etelä-Paippinen - Rajakulma 986B
13%
Nikkilä - Pornainen - Järvenpään asema 987
13%
Monninkylä - Pornainen - Järvenpää 987A
13%
Nikkilä - Laukkoski - Järvenpää 987T
13%
Pornainen - Halkia - Järvenpää 989
13%
Monninkylä - Pornainen - Järvenpää 989A
13%
Pornainen - Halkia - Pihlajamäki 989B
13%
Monninkylä - Pornainen - Metsäkylä 989V
13%
Eriksnäs -Söderkulla - Nikkilä 992
13%
Taasjärvi - Boxby skola - Nikkilä 993K
13%
Söderkulla - Gumbostrand 994K
13%
Taasjärvi - Söderkulla - Kalkkiranta 995
13%
Söderkulla - Spjutsund - Kitö 996
13%
Tikkurila - Söderkulla - Porvoo Linjat - Lines 900-999 ____________________ 999
13%
Matinkylä - Kirkkonummi - Karjaa 191A
6%
Kamppi - Kirkkonummi - Inkoo/Karjaa/Tammisaari 192KM
6%
Kamppi - Kirkkonummi -Inkoo/Karjaa/Tammisaari 192M
6%
Kamppi - Kirkkonummi -Tammisaari/Bromarv 192V
6%
Siuntio kk. - Inkoo - Bärösund 193B
6%
Lohja - Siuntio - Karjaa 193V
6%
Lohja - Evitskog - Siuntio 194A
6%
Lohja - Lohjan sairaala - Siuntio 194V
6%
Lohja - Virkkala - Siuntio Linjat - Lines 100-199 ____________________ Linjat - Lines 200-299 194VK
6%
Kamppi - Laajalahti - Espoon keskus (N perään - N after) 213N
6%
Leppävaara - Viherlaakso - Högnäs 237V
6%
Leppävaara - Vanhakartano -Serena 239V
6%
Espoon keskus - Hirvisuo 241V
6%
Espoon keskus - Muurala - Veikkola 243V
6%
Espoon keskus - Nuuksionpää -Kattila 245A
6%
Espoon keskus - Muurala -Nupuri 247B
6%
Kamppi - Turunväylä - Veikkola 282B
6%
Askisto - Louhela - Vapaala 335B
6%
Elielinaukio - Röylä - Rinnekoti 345K
6%
Lepsämänjoki - Kalajärvi 349B
6%
Lepsämänjoki -Kalajärvi -Hännikäinen 349BK
6%
Myyrmäki - Otalampi - Vihti 375V
6%
Kamppi - Kalajärvi/Vihti/Karkkila Linjat - Lines 300-399 ____________________ Linjat - Lines 400-499 385A
6%
Elielinaukio - Vantaanlaakso 431B
6%
Kivistö - Luhtaanmäki - Vestra 443K
6%
Kivistö - Pirttiranta - Riipilä 444T
6%
Kamppi - Kivistö - Mäntysalo 455A
6%
Kamppi - Kivistö -Rajamäki/Hyvinkää 456A
6%
Kamppi - Klaukkala - Nurmijärvi 457A
6%
Leppävaara - Juvantie - Kalajärvi 521K
6%
Leppävaara - Hämevaara 522B
6%
Espoon keskus - Juvantie -Kalajärvi 582V
6%
Aviapolis - Odilampi - Perusmäki 583K
6%
Kalajärvi - Louhela - Helsinge skola 584T
6%
Koivukylän asema -Hakunila 587BK
6%
Länsisalmi - Sotungin koulu Linjat - Lines 500-599 ____________________ Linjat - Lines 600-699 588B
6%
Hakaniemi - Jumbo - Ylästö 614K
6%
Leinelä - Ruotsinkylä - Hyrylä 642K
6%
Rautatientori - Hyrylä - Lahela 643K
6%
Hyrylä - Järvenpää - Mäntsälä 665A
6%
Hyrylä - Jamppa - Kellokoski Linjat - Lines 600-699 ____________________ Linjat - Lines 700-799 665K
6%
Hakaniemi - Jakomäki - Tikkurila 711K
6%
Rautatientori - Fazerila - Tikkurila 717K
6%
Rautatientori - Nissas - Sotunki 718A
6%
Länsisalmi - Hakunila 719B
6%
Nybygget - Länsisalmi - Hakunila 719K
6%
Kuntakeskus - Siuntion kk. -Kuntakeskus 915A
6%
Klaukkala - Lahnus - Kalajärvi 949
6%
Klaukkala - Korpilampi - Kalajärvi 949K
6%
Kuusimäentie - Hakunila 713B
0%
Ehtoja vastaavia visoja ei löytynyt
Tulosjakauma
Jokaisen tuloksen saaneiden osuus
Persentiili vastausten määrän mukaan
Tuloshistoriasi
Et ole pelannut tätä visaa